Memorias de la Real Academia de Ciencias (Record no. 173627)

MARC details
000 -LEADER
campo de control de longitud fija 02517nam a2200313 i 4500
001 - NÚMERO DE CONTROL
campo de control 173627
003 - IDENTIFICADOR DE NÚMERO DE CONTROL
campo de control ES-MaACL
005 - FECHA Y HORA DE LA ÚLTIMA TRANSACCIÓN
campo de control 20251002195940.0
007 - CAMPO FIJO DE DESCRIPCIÓN FÍSICA--INFORMACIÓN GENERAL
campo de control de longitud fija t|
008 - DATOS DE LONGITUD FIJA--INFORMACIÓN GENERAL
campo de control de longitud fija 091216s18551857sp ef |||| | spa d
110 2# - ENTRADA PRINCIPAL--NOMBRE DE ENTIDAD CORPORATIVA
Nombre de entidad corporativa o nombre de jurisdicción como elemento de entrada Real Academia de Ciencias Exactas, Físicas y Naturales de España.
9 (RLIN) 175635
245 10 - MENCIÓN DEL TÍTULO
Título Memorias de la Real Academia de Ciencias
Fechas predominantes 1855-1857.
260 ## - PUBLICACIÓN, DISTRIBUCIÓN, ETC.
Lugar de publicación, distribución, etc. Madrid :
Nombre del editor, distribuidor, etc. [s.n.],
Fecha de publicación, distribución, etc. 1855 (
Fabricante Aguado Imp.)
300 ## - DESCRIPCIÓN FÍSICA
Extensión v. ;
Dimensiones 28 cm.
505 8# - NOTA DE CONTENIDO CON FORMATO
Nota de contenido con formato Contiene: T. III ;
Título Breve reseña de la historia y progresos de la astronomía /
Mención de responsabilidad Antonio Aguilar y Vela (26 p.). Contestación /
-- Antonio Remón Zarco del Valle (p. 27-43). --
Título Estudio del huracán del 29 de octubre de1842 /
Mención de responsabilidad Manuel Rico Sinobas (p. 44-75, 2 map. pleg.). --
Título Noticia sobre las auroras boreales durante el s. XVIII y parte del XIX /
Mención de responsabilidad Manuel Rico y Sinobas (p. 77-91). --
Título Informe de la Real Academia de Ciencias sobre telegrafía eléctrica (p. 92-184, 5 plan. pleg.) ;
-- Observaciones actinométricas: 1ª serie /
Mención de responsabilidad Manuel Rico Sinobas (p. 186-289). --
Título De la fermentación alcohólica del zumo de la uva /
Mención de responsabilidad Magín Bonet y Bonfill (p. 292-482, 1 lám.). --
Título Los medios de mejorar y conservar los vinos en España /
Mención de responsabilidad José Elvira (p. 484-585). Contestación /
-- Antonio Remón Zarco del Valle y Huet (p. 589-602). --
Título Demostrar con experimentos el fenómeno de la nitrificación /
Mención de responsabilidad Ramón Torres Muñoz de Luna (p. 605-639). --
Título Los progresos de la geodesia /
Mención de responsabilidad Frutos Saavedra Meneses (p. 641-664). Contestación /
-- Vicente Vázquez Queipo (p. 665-677) /
-- Importancia y aplicación de los estudios geológicos /
-- Rafael de Amar de la Torre (p. 679-690). Contestación / Rafael de Amar de la Torre (p. 691-702). --
Título Adelantos obtenidos en las ciencias y sus aplicaciones /
Mención de responsabilidad José Subercase (p. 703-725). Contestación /
-- Lucio del Valle (p. 727-740)
700 1# - ENTRADA AGREGADA--NOMBRE PERSONAL
Nombre de persona Remón Zarco del Valle, Antonio,
Fechas asociadas al nombre 1789-1866
9 (RLIN) 131690
700 1# - ENTRADA AGREGADA--NOMBRE PERSONAL
Nombre de persona Rico y Sinobas, Manuel,
Fechas asociadas al nombre 1819-1898
9 (RLIN) 131804
700 1# - ENTRADA AGREGADA--NOMBRE PERSONAL
Nombre de persona Aguilar y Vela, Antonio,
Fechas asociadas al nombre 1820-1882
9 (RLIN) 18755
700 1# - ENTRADA AGREGADA--NOMBRE PERSONAL
Nombre de persona Bonet y Bonfill, Magín.
9 (RLIN) 30137
700 1# - ENTRADA AGREGADA--NOMBRE PERSONAL
Nombre de persona Torres Muñoz de Luna, Ramón,
Fechas asociadas al nombre 1822-1890
9 (RLIN) 133329
700 1# - ENTRADA AGREGADA--NOMBRE PERSONAL
Nombre de persona Elvira, José.
9 (RLIN) 141832
700 1# - ENTRADA AGREGADA--NOMBRE PERSONAL
Nombre de persona Saavedra Meneses, Frutos.
9 (RLIN) 132244
700 1# - ENTRADA AGREGADA--NOMBRE PERSONAL
Nombre de persona Vázquez Queipo, Vicente,
Fechas asociadas al nombre 1804-1893
9 (RLIN) 113475
700 1# - ENTRADA AGREGADA--NOMBRE PERSONAL
Nombre de persona Amar de la Torre, Rafael.
9 (RLIN) 125648
700 1# - ENTRADA AGREGADA--NOMBRE PERSONAL
Nombre de persona Subercase, José.
9 (RLIN) 108679
700 1# - ENTRADA AGREGADA--NOMBRE PERSONAL
Nombre de persona Valle, Lucio del,
Fechas asociadas al nombre 1815-1874
9 (RLIN) 112770
852 ## - LOCALIZACIÓN
Ubicación ES-MaACL
Número de control de estantería K-218
Holdings
Estatus retirado Estado de pérdida Estado de daño No para préstamo Colección Biblioteca de origen Biblioteca actual Ubicación en estantería Fecha de adquisición Total de préstamos Signatura topográfica completa Código de barras Visto por última vez Precio de reemplazo Tipo de ítem Koha
        Libros del s. XIX Biblioteca del Ateneo de Madrid Biblioteca del Ateneo de Madrid Administración 16/12/2009   K-218 1182207 23/02/2023 23/02/2023 Libro impreso antiguo